000 01058cam a22003135i 4500
001 16973673
003 EG-ScBUE
005 20260312102448.0
008 110923t2011 njua f b 001 0 eng d
020 _a9780470570951 (alk. paper)
020 _a0470570954 (alk. paper)
040 _aEG-ScBUE
_beng
_erda
_cEG-ScBUE
_dEG-ScBUE
082 0 4 _a572
_bVOE
_222
100 1 _aVoet, Donald,
_938418
_eauthor.
245 1 0 _aBiochemistry /
_cDonald Voet, University of Pennsylvania, Judith G. Voet, Swarthmore College.
250 _aFourth edition.
264 1 _aHoboken, NJ :
_bJohn Wiley & Sons, INC,
_c[2011]
264 4 _cc2011
300 _a1 volume (various pagings) :
_billustrations (some color) ;
_c29 cm
336 _2rdacontent
_atext
_btxt
337 _2rdamedia
_aunmediated
_bn
338 _2rdacarrier
_avolume
_bnc
504 _aIncludes bibliographical references and index.
650 7 _aBiochemistry.
_2BUEsh
_918368
653 _bPPhrm
_cSeptember2015
655 _vReading book
700 1 _aVoet, Judith G.,
_eauthor.
942 _2ddc
_cBB
999 _c20803
_d20775